| 000 | 00650nam a2200229Ia 4500 | ||
|---|---|---|---|
| 003 | OSt | ||
| 005 | 20221007082108.0 | ||
| 006 | a|||||r|||| 00| 0 | ||
| 007 | ta | ||
| 008 | 221006b |||||||| |||| 00| 0 eng d | ||
| 024 | _a5,938 | ||
| 037 | _cReference Collections | ||
| 040 |
_aFLL _cFLL _beng |
||
| 041 |
_2eng _aeng |
||
| 082 | _aZ73a, K2 | ||
| 100 |
_aPimsleur Meira G. Au. _9698706 |
||
| 245 | 0 | _aChecklist of basic american legal publication | |
| 260 |
_aUSA _bFred B. Rothman & Comp. USA _c1962 |
||
| 300 |
_a899p _ccm. |
||
| 942 |
_hZ73a, K2 _cREF _2CC |
||
| 999 |
_c1165296 _d1165296 |
||